000 00381 a2200169 4500
001 184327
020 _a85-06-01552-9
040 _cMagnum
100 _aBrandão, Toni
240 1 0 _aAquele tombo que eu levei
_lpor
245 1 0 _aAquele tombo que eu levei
300 _a55
362 0 _a1995
440 1 _aMelhoramentos
697 _aLITERATURA INFANTO-JUVENIL
942 _cBK
999 _c184327
_d184327